[Event "Alushta September-A"]
[Site "Alushta"]
[Date "2009.09.??"]
[Round "2"]
[White "Diulger, Alexey"]
[Black "Altykenov, Yerlan"]
[Result "1/2-1/2"]
[WhiteElo "2374"]
[BlackElo "2150"]
[PlyCount "48"]
[EventDate "2009.09.??"]
[EventType "tourn"]
[EventRounds "11"]
[EventCountry "UKR"]
[EventCategory "6"]
[SourceTitle "CBM 132 Extra"]
[Source "ChessBase"]
[SourceDate "2009.11.03"]
[SourceVersion "1"]
[SourceVersionDate "2009.11.03"]
[SourceQuality "1"]

1. d4 f5 2. Bf4 Nf6 3. e3 g6 4. Nf3 Bg7 5. Bc4 e6 6. h3 0-0 7. Nbd2 d6 8. g4 d5 9. Bd3 Ne4 10. gxf5 exf5 11. c4 c5 12. cxd5 cxd4 13. Nxd4 Nxd2 14. Kxd2 Qa5+ 15. Kc1 Qxd5 16. Qb3 Qxb3 17. axb3 Bxd4 18. exd4 Be6 19. Re1 Bxb3 20. Re7 Rf7 21. Re8+ Rf8 22. Re7 Rf7 23. Re8+ Rf8 24. Re7 Rf7 1/2-1/2